000 00231nam a2200097Ia 4500
008 170619s9999 xx 000 0 und d
100 _aKumar- Senthil
245 0 _aMicroprocessors and Microcontrollers
260 _bOxford
260 _c2011
546 _aENGLISH
999 _c20861
_d20861